[Event "LSS No Engine Cup 14 Preliminary 3"]
[Site "LSS email"]
[Date "2010.01.07"]
[Round "?"]
[White "Kay, Steve"]
[Black "Jokmin, Guido"]
[Result "1-0"]
[WhiteElo "1200"]
[BlackElo "615"]
[PlyCount "89"]
[EventDate "2010.01.08"]
[EventType "tourn (corr)"]
[EventRounds "6"]
[EventCountry "GER"]
[SourceTitle "Corr 2013"]
[Source "ChessBase"]
[SourceDate "2012.11.12"]
[SourceVersion "1"]
[SourceVersionDate "2012.11.12"]
[SourceQuality "1"]

1. e4 e5 2. Nf3 Nf6 3. d3 Nc6 4. Be2 Bd6 5. Bg5 0-0 6. 0-0 a6 7. Nbd2 Be7 8. Bxf6 Bxf6 9. h3 b5 10. Nh2 d6 11. f4 Nd4 12. f5 c5 13. c3 Nxe2+ 14. Qxe2 a5 15. a3 Qd7 16. Ng4 Bh4 17. Nf3 Bg3 18. Nfh2 Bb7 19. f6 g6 20. Nh6+ Kh8 21. N6g4 c4 22. dxc4 Ba6 23. Rf3 Bxh2+ 24. Kxh2 d5 25. cxd5 b4 26. Qd2 Bb5 27. axb4 a4 28. Nxe5 Qc7 29. Qd4 Rad8 30. Kh1 Be2 31. Rf2 Bb5 32. Nd3 Qg3 33. Nc5 Rfe8 34. Rf3 Qe5 35. Qxe5 Rxe5 36. Rc1 h6 37. c4 Be8 38. Ra1 Rb8 39. b5 Ra8 40. Re3 h5 41. Rxa4 Rc8 42. Nd3 Rg5 43. Kh2 h4 44. Rb4 Ra8 45. b6 1-0